How to write better essays / (Record no. 278)
[ view plain ]
| 000 -LEADER | |
|---|---|
| fixed length control field | 01572cam a22003615i 4500 |
| 003 - CONTROL NUMBER IDENTIFIER | |
| control field | EG-ScBUE |
| 005 - DATE AND TIME OF LATEST TRANSACTION | |
| control field | 20200119093534.0 |
| 008 - FIXED-LENGTH DATA ELEMENTS--GENERAL INFORMATION | |
| fixed length control field | 101104s2001 enka f b 001 0 eng d |
| 020 ## - INTERNATIONAL STANDARD BOOK NUMBER | |
| International Standard Book Number | 0333947150 |
| 020 ## - INTERNATIONAL STANDARD BOOK NUMBER | |
| International Standard Book Number | 9780333947159 |
| 040 ## - CATALOGING SOURCE | |
| Original cataloging agency | EG-ScBUE |
| Language of cataloging | eng |
| Description conventions | rda |
| Transcribing agency | EG-ScBUE |
| Modifying agency | EG-ScBUE |
| 082 04 - DEWEY DECIMAL CLASSIFICATION NUMBER | |
| Classification number | 808.042 |
| Item number | GRE |
| Edition number | 22 |
| 100 1# - MAIN ENTRY--PERSONAL NAME | |
| Personal name | Greetham, Bryan, |
| Dates associated with a name | 1946- |
| Relator term | author. |
| 9 (RLIN) | 20970 |
| 245 10 - TITLE STATEMENT | |
| Title | How to write better essays / |
| Statement of responsibility, etc | Bryan Greetham. |
| 264 #1 - PUBLICATION, DISTRIBUTION, ETC. (IMPRINT) | |
| Place of publication, distribution, etc | Hampshire ; |
| -- | New York : |
| Name of publisher, distributor, etc | Palgrave Publishers, |
| Date of publication, distribution, etc | 2001. |
| 300 ## - PHYSICAL DESCRIPTION | |
| Extent | xi, 285 pages : |
| Other physical details | illustrations ; |
| Dimensions | 22 cm. |
| 336 ## - CONTENT TYPE | |
| Content type term | text |
| Content type code | txt |
| Source | rdacontent |
| 337 ## - MEDIA TYPE | |
| Media type term | unmediated |
| Media type code | n |
| Source | rdamedia |
| 338 ## - CARRIER TYPE | |
| Carrier type term | volume |
| Carrier type code | nc |
| Source | rdacarrier |
| 490 0# - SERIES STATEMENT | |
| Series statement | Palgrave study guides |
| 504 ## - BIBLIOGRAPHY, ETC. NOTE | |
| Bibliography, etc | Includes bibliographical references and index. |
| 520 ## - SUMMARY, ETC. | |
| Summary, etc | The author takes the reader carefully through each stage of essay writing from interpretation of the question, to the research, planning, writing and revision. The book contains a troubleshooting section to help readers diagnose problems. |
| 590 ## - LOCAL NOTE (RLIN) | |
| Local note | Abdullah samir |
| 650 #7 - SUBJECT ADDED ENTRY--TOPICAL TERM | |
| Topical term or geographic name as entry element | English language |
| General subdivision | Rhetoric. |
| Source of heading or term | BUEsh |
| 9 (RLIN) | 20972 |
| 650 #7 - SUBJECT ADDED ENTRY--TOPICAL TERM | |
| Topical term or geographic name as entry element | Essay |
| General subdivision | Authorship. |
| Source of heading or term | BUEsh |
| 9 (RLIN) | 20974 |
| 650 #7 - SUBJECT ADDED ENTRY--TOPICAL TERM | |
| Topical term or geographic name as entry element | Academic writing. |
| Source of heading or term | BUEsh |
| 9 (RLIN) | 20975 |
| 651 ## - SUBJECT ADDED ENTRY--GEOGRAPHIC NAME | |
| Source of heading or term | BUEsh |
| 653 ## - INDEX TERM--UNCONTROLLED | |
| Resource For college | Humanities: English |
| 856 42 - ELECTRONIC LOCATION AND ACCESS | |
| Materials specified | Contributor biographical information |
| Uniform Resource Identifier | <a href="http://www.loc.gov/catdir/bios/hol059/2001032790.html">http://www.loc.gov/catdir/bios/hol059/2001032790.html</a> |
| 856 42 - ELECTRONIC LOCATION AND ACCESS | |
| Materials specified | Publisher description |
| Uniform Resource Identifier | <a href="http://www.loc.gov/catdir/description/hol052/2001032790.html">http://www.loc.gov/catdir/description/hol052/2001032790.html</a> |
| 856 42 - ELECTRONIC LOCATION AND ACCESS | |
| Materials specified | Table of contents |
| Uniform Resource Identifier | <a href="http://www.loc.gov/catdir/toc/hol051/2001032790.html">http://www.loc.gov/catdir/toc/hol051/2001032790.html</a> |
| 942 ## - ADDED ENTRY ELEMENTS (KOHA) | |
| Koha item type | Book - Borrowing |
| Source of classification or shelving scheme | Dewey Decimal Classification |
| Withdrawn status | Lost status | Source of classification or shelving scheme | Damaged status | Not for loan | Collection code | Home library | Current library | Shelving location | Date acquired | Source of acquisition | Cost, normal purchase price | Total Checkouts | Total Renewals | Full call number | Barcode | Date last seen | Date checked out | Cost, replacement price | Price effective from | Koha item type |
|---|---|---|---|---|---|---|---|---|---|---|---|---|---|---|---|---|---|---|---|---|
| Dewey Decimal Classification | Central Library | Central Library | Second Floor | 20/02/2006 | 120.00 | 6 | 2 | 808.042 GRE | 000004391 | 15/07/2025 | 28/01/2016 | 150.00 | 20/02/2006 | Book - Borrowing | ||||||
| Dewey Decimal Classification | Central Library | Central Library | Second Floor | 20/02/2006 | 120.00 | 6 | 1 | 808.042 GRE | 000004390 | 15/07/2025 | 12/11/2015 | 150.00 | 20/02/2006 | Book - Borrowing | ||||||
| Dewey Decimal Classification | Central Library | Central Library | Second Floor | 20/02/2006 | 120.00 | 7 | 5 | 808.042 GRE | 000004389 | 15/07/2025 | 15/03/2016 | 150.00 | 20/02/2006 | Book - Borrowing | ||||||
| Dewey Decimal Classification | Central Library | Central Library | Second Floor | 20/02/2006 | 120.00 | 8 | 7 | 808.042 GRE | 000004388 | 15/07/2025 | 20/11/2022 | 150.00 | 20/02/2006 | Book - Borrowing | ||||||
| Dewey Decimal Classification | Central Library | Central Library | Second Floor | 04/11/2010 | 120.00 | 808.042 GRE | 000022511 | 15/07/2025 | 150.00 | 04/11/2010 | NB - Book (Non borrowing) | |||||||||
| Dewey Decimal Classification | Central Library | Central Library | Second Floor | 04/11/2010 | 120.00 | 4 | 13 | 808.042 GRE | 000004387 | 15/07/2025 | 13/11/2024 | 150.00 | 04/11/2010 | Book - Borrowing |